Combien de ville du Finistere (29) connais-tu ? - Statistiques

Statistiques générales
  • Ce quiz a été pris 36 fois
  • Le résultat moyen est 57 sur 277
Statistiques - réponses
Code postal Ville % Correct
29200 Brest
93%
29107 Quimper
89%
29207 Landerneau
68%
29900 Concarneau
64%
29160 Crozon
64%
29602 Douarnenez
61%
29600 Morlaix
61%
29300 Quimperlé
61%
29770 Audierne
54%
29401 Landivisiau
54%
29950 Bénodet
50%
29150 Châteaulin
50%
29282 Pont-l'Abbé
50%
29250 Saint-Pol-de-Léon
50%
29850 Gouesnou
46%
29830 Ploudalmézeau
46%
29682 Roscoff
46%
29170 Fouesnant
43%
29490 Guipavas
43%
29560 Argol
39%
29836 Carhaix-Plouguer
39%
29730 Guilvinec
39%
29690 Huelgoat
39%
29750 Loctudy
39%
29470 Plougastel-Daoulas
39%
29280 Plouzané
39%
29930 Pont-Aven
39%
29602 Saint-Renan
39%
29380 Bannalec
36%
29510 Briec
36%
29570 Camaret-sur-Mer
36%
29460 Daoulas
36%
29500 Ergué-Gabéric
36%
29820 Guilers
36%
29560 Landévennec
36%
29870 Lannilis
36%
29260 Lesneven
36%
29242 Ouessant
36%
29700 Pluguffan
36%
29910 Trégunc
36%
29217 Conquet
32%
29980 Île-Tudy
32%
29870 Landéda
32%
29180 Locronan
32%
29860 Plabennec
32%
29880 Plouguerneau
32%
29780 Plouhinec
32%
29830 Plourin
32%
29140 Rosporden
32%
29390 Scaër
32%
29450 Sizun
32%
29560 Telgruc-sur-Mer
32%
29300 Arzano
29%
29400 Bodilis
29%
29820 Bohars
29%
29860 Bourg-Blanc
29%
29190 Brasparts
29%
29690 Brennilis
29%
29660 Carantec
29%
29520 Châteauneuf-du-Faou
29%
29120 Combrit
29%
29450 Commana
29%
29460 Dirinon
29%
29590 Faou
29%
29940 Forêt-Fouesnant
29%
29253 Île-de-Batz
29%
29990 Île-de-Sein
29%
29510 Landrévarzec
29%
29920 Névez
29%
29770 Plogoff
29%
29260 Ploudaniel
29%
29430 Plouescat
29%
29830 Plouguin
29%
29710 Pouldreuzic
29%
29690 Berrien
25%
29460 Hanvec
25%
29670 Henvic
25%
29140 Melgven
25%
29760 Penmarch
25%
29190 Pleyben
25%
29410 Pleyber-Christ
25%
29700 Plomelin
25%
29123 Plomeur
25%
29710 Plonéis
25%
29630 Plougasnou
25%
29260 Plouider
25%
29860 Plouvien
25%
29710 Plozévet
25%
29480 Relecq-Kerhuon
25%
29370 Elliant
21%
29880 Guissény
21%
29890 Kerlouan
21%
29260 Kernilis
21%
29860 Kersaint-Plabennec
21%
29810 Lampaul-Plouarzel
21%
29840 Landunvez
21%
29280 Locmaria-Plouzané
21%
29241 Locquirec
21%
29470 Loperhet
21%
29710 Plogastel-Saint-Germain
21%
29720 Plonéour-Lanvern
21%
29810 Plouarzel
21%
29250 Plougoulm
21%
29600 Plourin-lès-Morlaix
21%
29840 Porspoder
21%
29246 Poullaouen
21%
29340 Riec-sur-Bélon
21%
29170 Saint-Évarzec
21%
29520 Saint-Goazec
21%
29140 Saint-Yvi
21%
29250 Sibiril
21%
29540 Spézet
21%
29450 Tréhou
21%
29800 Trémaouézan
21%
29690 Botmeur
18%
29810 Brélès
18%
29150 Cast
18%
29233 Cléder
18%
29360 Clohars-Carnoët
18%
29950 Clohars-Fouesnant
18%
29370 Coray
18%
29150 Dinéault
18%
29510 Edern
18%
29690 Feuillée
18%
29800 Forest-Landerneau
18%
29890 Goulven
18%
29400 Guimiliau
18%
29460 Hôpital-Camfrout
18%
29530 Landeleau
18%
29840 Lanildut
18%
29290 Lanrivoaré
18%
29160 Lanvéoc
18%
29460 Logonna-Daoulas
18%
29790 Mahalon
18%
29350 Moëlan-sur-Mer
18%
29550 Plomodiern
18%
29550 Plonévez-Porzay
18%
29800 Ploudiry
18%
29217 Plougonvelin
18%
29610 Plouigneau
18%
29410 Plounéour-Ménez
18%
29690 Plouyé
18%
29720 Plovan
18%
29770 Pont-Croix
18%
29800 Saint-Divy
18%
29630 Saint-Jean-du-Doigt
18%
29550 Saint-Nic
18%
29250 Santec
18%
29560 Trégarvan
18%
29300 Baye
14%
29640 Bolazec
14%
29870 Coat-Méal
14%
29530 Collorec
14%
29790 Confort-Meilars
14%
29260 Folgoët
14%
29950 Gouesnach
14%
29650 Guerlesquin
14%
29300 Guilligomarc'h
14%
29259 Île-Molène
14%
29100 Kerlaz
14%
29400 Lampaul-Guimiliau
14%
29830 Lampaul-Ploudalmézeau
14%
29510 Landudal
14%
29710 Landudec
14%
29430 Lanhouarneau
14%
29620 Lanmeur
14%
29520 Laz
14%
29590 Lopérec
14%
29300 Mellac
14%
29270 Motreff
14%
29800 Pencran
14%
29740 Plobannalec-Lesconil
14%
29180 Plogonnec
14%
29530 Plonévez-du-Faou
14%
29800 Plouédern
14%
29650 Plouégat-Moysan
14%
29420 Plouénan
14%
29400 Plounéventer
14%
29440 Plouzévédé
14%
29590 Pont-de-Buis-lès-Quimerch
14%
29150 Port-Launay
14%
29800 Roche-Maurice
14%
29570 Roscanvel
14%
29590 Rosnoën
14%
29679 Saint-Martin-des-Champs
14%
29260 Saint-Méen
14%
29830 Saint-Pabu
14%
29400 Saint-Sauveur
14%
29590 Saint-Ségal
14%
29520 Saint-Thois
14%
29800 Saint-Thonan
14%
29140 Tourch
14%
29217 Trébabu
14%
29730 Treffiagat
14%
29870 Tréglonou
14%
29770 Cléden-Cap-Sizun
11%
29190 Gouézec
11%
29710 Gourlizon
11%
29180 Guengat
11%
29710 Guiler-sur-Goyen
11%
29620 Guimaëc
11%
29460 Irvillac
11%
29100 Juch
11%
29270 Kergloff
11%
29260 Lanarvily
11%
29400 Lanneuffret
11%
29190 Lennon
11%
29390 Leuhan
11%
29400 Loc-Eguiner
11%
29310 Locunolé
11%
29420 Mespaul
11%
29620 Plouégat-Guérand
11%
29252 Plouezoc'h
11%
29640 Plougonven
11%
29810 Ploumoguer
11%
29180 Quéménéven
11%
29310 Querrien
11%
29300 Rédené
11%
29440 Saint-Derrien
11%
29460 Saint-Eloy
11%
29600 Sainte-Sève
11%
29260 Saint-Frégant
11%
29120 Saint-Jean-Trolimon
11%
29400 Saint-Servais
11%
29640 Scrignac
11%
29670 Taulé
11%
29260 Trégarantec
11%
29300 Tréméven
11%
29380 Trévoux
11%
29790 Beuzec-Cap-Sizun
7%
29650 Botsorhel
7%
29270 Cléden-Poher
7%
29190 Cloître-Pleyben
7%
29410 Cloître-Saint-Thégonnec
7%
29860 Drennec
7%
29610 Garlan
7%
29770 Goulien
7%
29410 Guiclan
7%
29260 Kernouës
7%
29260 Loc-Brévalaire
7%
29400 Locmélar
7%
29670 Locquénolé
7%
29530 Loqueffret
7%
29290 Milizac-Guipronvel
7%
29710 Peumerit
7%
29170 Pleuven
7%
29890 Plounéour-Brignogan-plages
7%
29270 Plounévézel
7%
29430 Plounévez-Lochrist
7%
29420 Plouvorn
7%
29100 Pouldergat
7%
29270 Saint-Hernin
7%
29380 Saint-Thurien
7%
29800 Saint-Urbain
7%
29430 Tréflez
7%
29970 Trégourez
7%
29720 Tréguennec
7%
29120 Tréméoc
7%
29440 Trézilidé
7%
29510 Langolen
4%
29640 Lannéanou
4%
29190 Lannédern
4%
29190 Lothey
4%
29800 Martyre
4%
29550 Ploéven
4%
29440 Plougar
4%
29400 Plougourvest
4%
29100 Poullan-sur-Mer
4%
29770 Primelin
4%
29150 Saint-Coulitz
4%
29190 Saint-Rivoal
4%
29410 Saint-Thégonnec Loc-Eguiner
4%
29440 Saint-Vougay
4%
29440 Tréflaouénan
4%
29720 Tréogat
4%
29290 Tréouergat
4%
29800 Tréflévénez
0%
Aucun quiz correspondant
Distribution des résultats
% des personnes avec chaque résultat
Percentile par nombre de réponses
Votre historique - résultats
Vous n’avez pas pris ce quiz